| 000 | 00678nam a22002057a 4500 | ||
|---|---|---|---|
| 005 | 20210325204525.0 | ||
| 008 | s2008 eng d | ||
| 020 | _a9789812587091 | ||
| 041 | _aeng | ||
| 050 | _aDS520.9 I57 2008 | ||
| 245 | 1 | 0 | _aInsight guides : Southeast Asia |
| 260 | 3 |
_asingapore : _bAPA Publications, _c2008 |
|
| 300 |
_a436 p. : _b ill. , maps ; _c 23 cm. |
||
| 500 | _a8973 | ||
| 650 | 0 | 4 | _aAsia, Southeastern -- Description and travel -- Guidebooks |
| 850 | _aNALT | ||
| 942 | _cGB | ||
| 997 | _c000000000061087 | ||
| 998 | _aนางสาวสุพันดา สุภาพ | ||
| 999 |
_c61087 _d61087 |
||